| 000 | 00490nam a2200193Ia 4500 | ||
|---|---|---|---|
| 003 | GCL | ||
| 008 | 140319s9999 xx 000 0 eng d | ||
| 040 |
_aGCL / _cGCL |
||
| 082 | 0 | 4 |
_a759.05 _bD C |
| 100 | 1 | _aDENVIR, BERNAARD | |
| 245 | 1 | 0 |
_aTHE CHRONICLE OF IMPRESSIONISM / _cDENVIR, BERNAARD |
| 260 |
_a[S.N] : _bTHAMES AND HUDSON ، _c1993 |
||
| 300 | _a288 | ||
| 650 | 0 | 4 | _aPAINTING |
| 650 | 0 | 4 | _aIMPRESSIONISM |
| 650 | 0 | 4 | _aPAINTERS |
| 650 | 0 | 4 | _aIMPRESSIONISTS |
| 942 |
_2ddc _cBK |
||
| 999 |
_c23969 _d23969 |
||